[Event "22nd Open"]
[Site "Cappelle la Grande FRA"]
[Date "2006.02.21"]
[Round "5"]
[White "Nijboer,F"]
[Black "Benitah,Y"]
[Result "1/2-1/2"]
[WhiteElo "2571"]
[BlackElo "2398"]
[EventDate "2006.02.18"]

1. e4 e6 2. d4 d5 3. Nc3 Nf6 4. e5 Nfd7 5. f4 c5 6. Nf3 Nc6 7. Be3 Qb6 8.
Na4 Qa5+ 9. c3 c4 10. b4 Qb5 11. Nc5 Ne7 12. Be2 Nf5 13. Bf2 Be7 14. a4 Qc6
15. Nxd7 Bxd7 16. g4 Nh6 17. h3 f5 18. g5 Ng8 19. Nd2 O-O-O 20. Bf3 Kb8 21.
Qe2 Bc8 22. Nf1 Bf8 23. Be3 Ne7 24. h4 Qc7 25. Kf2 a5 26. b5 Bd7 27. Ng3
Nc8 28. Qa2 Nb6 29. Bc1 Bc8 30. Bb2 Rg8 31. Bd1 Rh8 32. Bc2 Qf7 33. Rag1
Qe7 34. Qb1 Qe8 35. Qc1 Bd7 36. Bd1 Qe7 37. Qd2 Be8 38. Bc2 Bd7 39. Ra1 Qe8
40. Qe2 Ka7 41. Qe3 h5 42. g6 Qxg6 43. Ba3 Bxa3 44. Rxa3 Qf7 45. Raa1 Qe7
46. Qc1 g6 47. Nf1 Be8 48. Nd2 Rd7 49. Nf3 Rh6 50. Rg1 Kb8 51. Rg3 Ka7 52.
Qb2 Kb8 53. Rag1 Ka7 54. Ke2 Kb8 55. Kd2 Ka7 56. Kc1 Kb8 57. Kb1 Ka7 58.
Ka2 Kb8 59. Rg5 Ka7 60. R1g2 Rc7 61. Qc1 Nd7 62. Bd1 Kb8 63. Nh2 Ka7 64.
Nf1 Nb6 65. Ne3 Bf7 66. Bc2 Be8 67. Qg1 Qh7 68. Nf1 Qf7 69. Nd2 Qh7 70. Nf3
Qf7 71. Qf2 Qe7 72. Rg1 Qf7 73. R5g2 Qe7 74. Qg3 Rh8 75. Rf1 Rh6 76. Qg5
Qxg5 77. fxg5 Rh8 78. Ng1 Re7 79. Ne2 Kb8 80. Nf4 Kc8 81. Ka3 Kd7 82. Bd1
Rg7 83. Bf3 Ke7 84. Rfg1 Rgh7 85. Bd1 Kf7 86. Ra2 1/2-1/2

[Event "22nd Open"]
[Site "Cappelle la Grande FRA"]
[Date "2006.02.21"]
[Round "5"]
[White "Baklan,V"]
[Black "Vul,A"]
[Result "1-0"]
[WhiteElo "2601"]
[BlackElo "2407"]
[EventDate "2006.02.18"]

1. e4 e5 2. Nf3 Nc6 3. d4 exd4 4. Nxd4 Qf6 5. Be3 Bc5 6. c3 Nge7 7. g3 d5
8. Bg2 Nxd4 9. cxd4 Bb4+ 10. Nc3 Bxc3+ 11. bxc3 dxe4 12. Bxe4 O-O 13. O-O
c6 14. Re1 Bf5 15. Bg2 Be6 16. Qb1 b5 17. a4 a6 18. Bf4 Bf5 19. Qa2 Be6 20.
Qa3 Nd5 21. Bd6 Rfc8 22. axb5 cxb5 23. Bc5 Qd8 24. Re5 a5 25. Rae1 Qd7 26.
f4 b4 27. cxb4 axb4 28. Qb2 g6 29. f5 gxf5 30. Qd2 Kh8 31. Qh6 Rg8 32. Bxd5
Bxd5 33. Qf6+ Rg7 34. Re7 Qc6 35. Qxc6 Bxc6 36. d5 Bb5 37. Bd4 Kg8 38. Bxg7
Kxg7 39. Rb7 Bc4 40. d6 b3 41. d7 Bd5 42. Rxb3 Bxb3 43. Re8 Ra1+ 44. Kf2
Rd1 45. d8=Q Rxd8 46. Rxd8 f6 47. Ke3 h5 48. Rd4 Bc2 49. Rf4 Be4 50. Kd4
Kf7 51. h4 Ke6 52. Rf1 Bg2 53. Re1+ Be4 54. Ra1 Bf3 55. Ra6+ Kf7 56. Kc5
Ke7 57. Rb6 Be4 58. Rd6 Bf3 59. Ra6 Be4 60. Kd4 Bf3 61. Ra3 Bg2 62. Ke3 Bh3
63. Ra2 Bg4 64. Rf2 Ke6 65. Kd4 Kd6 66. Rf1 Bh3 67. Re1 Bg2 68. Re8 Bf3 69.
Ke3 Bg4 70. Kd3 Kd5 71. Ra8 Bf3 72. Ke3 Bg4 73. Kf4 Ke6 74. Ra6+ Ke7 75.
Ke3 Bh3 76. Ra1 Kd6 77. Kd4 Bg2 78. Ra2 Bf3 79. Rf2 Be4 80. Ke3 Ke6 1-0

[Event "22nd Open"]
[Site "Cappelle la Grande FRA"]
[Date "2006.02.21"]
[Round "5"]
[White "Monsieux,C"]
[Black "Erenburg,S"]
[Result "1/2-1/2"]
[WhiteElo "2282"]
[BlackElo "2573"]
[EventDate "2006.02.18"]

1. e4 c6 2. d4 d5 3. Nd2 dxe4 4. Nxe4 Bf5 5. Nc5 Qc7 6. Bd3 Bg6 7. Nf3 e6
8. Bxg6 hxg6 9. Nd3 Bd6 10. Qe2 Nd7 11. Nde5 Nxe5 12. dxe5 Be7 13. O-O Nh6
14. Bg5 O-O-O 15. Rad1 Bxg5 16. Nxg5 Rd5 17. Nf3 Rhd8 18. Rxd5 cxd5 19. Nd4
a6 20. c3 Kb8 21. f4 Nf5 22. Nxf5 gxf5 23. Rd1 Qe7 24. Qe3 Rg8 25. Qd4 g5
26. c4 dxc4 27. Qxc4 gxf4 28. Qxf4 Qc7 29. Qd4 Ka8 30. h3 Qc2 31. Rd2 Qc1+
32. Kh2 Qe1 33. Rf2 Qa5 34. a3 Qc7 35. Rd2 Qe7 36. Qf4 Qc7 37. Qd4 Qc6 38.
Re2 Rc8 39. Rd2 Qb5 40. a4 Qa5 41. Rd3 Rg8 42. Rd2 Rb8 43. Rd3 Rh8 44. Rd2
Rg8 45. Kg1 Rc8 46. Kh2 Kb8 47. Qd6+ Ka7 48. Qd4+ Ka8 49. Rd3 Rg8 50. Rd2
Kb8 51. Qd6+ Ka7 52. Qd4+ Ka8 53. Rd1 Qc7 54. b4 Qc6 55. Rd2 Qxa4 56. Qb6
Qa1 57. Rd8+ Rxd8 58. Qxd8+ Ka7 59. Qd6 Qc3 60. h4 f4 61. h5 Qg3+ 62. Kg1
Qe3+ 63. Kf1 Qc1+ 64. Kf2 Qe3+ 65. Kf1 Qc1+ 66. Kf2 Qe3+ 67. Kf1 a5 68.
bxa5 Qc1+ 69. Kf2 Qe3+ 70. Kf1 1/2-1/2

[Event "22nd Open"]
[Site "Cappelle la Grande FRA"]
[Date "2006.02.21"]
[Round "5"]
[White "Kovchan,A"]
[Black "Rogule,L"]
[Result "1-0"]
[WhiteElo "2513"]
[BlackElo "2320"]
[EventDate "2006.02.18"]

1. e4 c5 2. Nf3 d6 3. d4 cxd4 4. Nxd4 Nf6 5. Nc3 a6 6. Be2 e5 7. Nb3 Be7 8.
O-O O-O 9. a4 Nc6 10. Bf3 Nb4 11. a5 d5 12. Nxd5 Nfxd5 13. exd5 Bf5 14. c3
Bc2 15. Qd2 Bxb3 16. cxb4 Bc4 17. Re1 Bd6 18. b3 Bb5 19. Bb2 Re8 20. Bg4
Bd7 21. Be2 Qh4 22. Bc3 e4 23. g3 Qh3 24. Qg5 Bf8 25. Bf1 Qf5 26. Qxf5 Bxf5
27. b5 Rec8 28. Rec1 axb5 29. Bxb5 Bc5 30. Bd2 Bd4 31. Rxc8+ Rxc8 32. Ra4
Bc3 33. Be3 Be5 34. Bc4 Kf8 35. Rb4 Rc7 36. Bb6 Bd6 37. Rb5 Rd7 38. Be3 Ke7
39. Rb6 Rc7 40. Kf1 Bc8 41. Ke2 h6 42. Bd4 g5 43. Bf6+ Kxf6 44. Rxd6+ Ke5
45. Rxh6 Rc5 46. Rh8 Kd4 47. Kd2 Bd7 48. Rd8 Bg4 49. Ra8 f5 50. d6 f4 51.
d7 e3+ 52. fxe3+ fxe3+ 53. Ke1 Bxd7 54. Rd8 Rc7 55. Bb5 Rc1+ 56. Ke2 Rc2+
57. Kd1 Rd2+ 58. Ke1 Kc5 59. Rxd7 Kxb5 60. Rxd2 exd2+ 61. Kxd2 g4 62. Ke3
Kxa5 63. Kf4 Kb4 64. Kxg4 1-0

[Event "22nd Open"]
[Site "Cappelle la Grande FRA"]
[Date "2006.02.21"]
[Round "5"]
[White "Zaragatski,I"]
[Black "Chernyshov,K"]
[Result "0-1"]
[WhiteElo "2400"]
[BlackElo "2539"]
[EventDate "2006.02.18"]

1. e4 c5 2. Nf3 b6 3. d4 cxd4 4. Nxd4 Bb7 5. Nc3 Nc6 6. Be3 Nf6 7. Nxc6
Bxc6 8. f3 e6 9. Qd2 Bc5 10. e5 Nd5 11. Nxd5 Bxd5 12. O-O-O O-O 13. Kb1 Qc7
14. f4 d6 15. exd6 Bxd6 16. Bd3 Rfd8 17. Rhf1 Bf8 18. Qe2 g6 19. g4 Bg7 20.
Bc1 Qc6 21. h4 Kh8 22. h5 gxh5 23. g5 h4 24. f5 Rac8 25. Qh5 Bxa2+ 26. Kxa2
Qa4+ 27. Kb1 Rxd3 28. Qe2 Rxd1 29. Qxd1 exf5 30. Rxf5 Qe8 31. Rf4 h3 32.
Qh5 Qc6 33. c3 Qg6+ 34. Qxg6 hxg6 35. Rh4+ Kg8 36. Rxh3 Bf8 37. Bf4 Rc5 38.
Re3 Rf5 39. Re4 Be7 40. Rxe7 Rxf4 41. Rxa7 Rf5 42. c4 Rxg5 43. Kc2 Rc5 44.
Kd3 b5 45. b3 bxc4+ 46. bxc4 Kg7 47. Kd4 Rc8 48. c5 g5 49. Kd5 Kg6 50. c6
f5 51. Kd6 f4 52. c7 f3 53. Kd7 Rxc7+ 54. Rxc7 f2 55. Rc6+ Kf7 56. Rc1 g4
57. Kc6 g3 58. Rc3 f1=Q 59. Rxg3 Qc4+ 60. Kb6 Qe6+ 61. Kb7 Qd7+ 0-1

[Event "22nd Open"]
[Site "Cappelle la Grande FRA"]
[Date "2006.02.21"]
[Round "5"]
[White "Ardeleanu,A"]
[Black "Bitalzadeh,A"]
[Result "0-1"]
[WhiteElo "2443"]
[BlackElo "2270"]
[EventDate "2006.02.18"]

1. e4 c6 2. Nc3 d5 3. Qf3 dxe4 4. Nxe4 Nd7 5. d4 Ndf6 6. c3 Nxe4 7. Qxe4
Nf6 8. Qc2 Bg4 9. Ne2 Bh5 10. Nf4 Bg6 11. Qb3 Qc7 12. Nxg6 hxg6 13. g3 e6
14. Bf4 Qb6 15. Bg2 O-O-O 16. Qxb6 axb6 17. a4 Kd7 18. Bg5 Ra8 19. O-O Be7
20. c4 Ra5 21. Bd2 Rah5 22. h4 Ra8 23. Rfd1 Kc7 24. Bf3 Rhh8 25. b3 Nd7 26.
Rac1 Bd6 27. Kg2 e5 28. Bc3 exd4 29. Rxd4 Nc5 30. Bd1 Be5 31. Rg4 Bxc3 32.
Rxc3 Rad8 33. Bc2 Rd2 34. b4 Ne6 35. c5 bxc5 36. bxc5 Rh5 37. Rgc4 Re5 38.
Be4 Nxc5 39. Bxg6 Nxa4 40. Rxa4 fxg6 41. Rg4 Rd6 42. Rf3 Re7 43. Rg5 b5 44.
Rc3 Kb6 45. f4 Rc7 46. Rgc5 b4 47. R3c4 b3 48. Re5 c5 49. Kh3 Kb5 50. Rc1
Kb4 51. Re8 Rb6 52. g4 c4 53. g5 b2 54. Rb1 c3 55. h5 gxh5 56. f5 Kb3 57.
f6 gxf6 58. g6 c2 59. Re3+ Ka2 0-1

[Event "22nd Open"]
[Site "Cappelle la Grande FRA"]
[Date "2006.02.21"]
[Round "5"]
[White "Oleksienko,M"]
[Black "Medghoul,S"]
[Result "1-0"]
[WhiteElo "2509"]
[BlackElo "2238"]
[EventDate "2006.02.18"]

1. e4 e6 2. d4 d5 3. Nd2 Nf6 4. e5 Nfd7 5. Bd3 c5 6. c3 Nc6 7. Ne2 cxd4 8.
cxd4 f6 9. exf6 Nxf6 10. Nf3 Bd6 11. O-O O-O 12. Bf4 Bxf4 13. Nxf4 Ne4 14.
Qc1 Ng5 15. Nxg5 Qxg5 16. Ne2 Qf6 17. Qe3 e5 18. dxe5 Nxe5 19. Rad1 Nc6 20.
Qd2 Be6 21. Bb5 Ne5 22. Nd4 Bf7 23. b3 a6 24. f4 Ng6 25. Bd7 Rfd8 26. Bg4
Ne7 27. f5 Nc8 28. Bf3 Kh8 29. g4 h6 30. Kg2 Nd6 31. h4 Ne4 32. Bxe4 dxe4
33. g5 Qe5 34. Qf4 Qxf4 35. Rxf4 Bh5 36. Rd2 e3 37. Rd3 e2 38. Re3 Rac8 39.
Rfe4 Kg8 40. g6 Rf8 41. Re5 Bg4 42. Kg3 h5 43. Nxe2 Bxf5 44. Nf4 Rc6 45.
Nd5 Rxg6+ 46. Kh2 Bd7 47. Ne7+ Kh7 48. Nxg6 Kxg6 49. Re7 Rf7 50. Rxf7 Kxf7
51. Kg3 Kf6 52. Kf4 g6 53. Rd3 Bc6 54. Rd6+ Kg7 55. Kg5 Be4 56. Rd7+ Kf8
57. Kf6 Kg8 58. Re7 1-0

[Event "22nd Open"]
[Site "Cappelle la Grande FRA"]
[Date "2006.02.21"]
[Round "5"]
[White "Nalbandian,T"]
[Black "Tazbir,M"]
[Result "1-0"]
[WhiteElo "2524"]
[BlackElo "2382"]
[EventDate "2006.02.18"]

1. Nf3 c5 2. g3 b6 3. Bg2 Bb7 4. d3 g6 5. e4 Bg7 6. Nc3 Nc6 7. O-O d6 8.
Nh4 e5 9. Nd5 Nf6 10. f4 exf4 11. Bxf4 Nxd5 12. exd5 Ne5 13. Qd2 O-O 14.
Bh6 Qd7 15. a4 Rae8 16. Bxg7 Kxg7 17. a5 b5 18. Rae1 f6 19. d4 cxd4 20.
Qxd4 a6 21. Nf3 Qc7 22. Qa7 Qf7 23. Ng5 fxg5 24. Rxf7+ Rxf7 25. Rf1 Ref8
26. Rxf7+ Rxf7 27. Qb8 Rd7 28. b3 g4 29. h3 h5 30. hxg4 hxg4 31. Kf2 Rf7+
32. Ke2 Rd7 33. Be4 Kf7 34. Kd2 Kg7 35. Kc3 Nf7 36. Qe8 Rc7+ 37. Kb4 Bc8
38. Bd3 Kf6 39. c4 bxc4 40. bxc4 Kg7 41. Kc3 Rc5 42. Kd2 Rc7 43. Qa4 Ne5
44. Qb4 Rc5 45. Qb6 Nf7 46. Ke3 Kf6 47. Bc2 Ke7 48. Bxg6 Ne5 49. Bd3 Nxc4+
50. Bxc4 Rxc4 51. Qb3 Rc5 52. Kf4 Rxa5 53. Qe3+ Kd7 54. Qa7+ Ke8 55. Qc7
Ra4+ 56. Kg5 Bd7 57. Kf6 1-0

[Event "22nd Open"]
[Site "Cappelle la Grande FRA"]
[Date "2006.02.21"]
[Round "5"]
[White "Abergel,T"]
[Black "Malakhatko,V"]
[Result "0-1"]
[WhiteElo "2426"]
[BlackElo "2556"]
[EventDate "2006.02.18"]

1. e4 e6 2. d4 d5 3. Nd2 c5 4. Ngf3 cxd4 5. Nxd4 Nc6 6. Bb5 Bd7 7. Nxc6
Bxc6 8. Bxc6+ bxc6 9. c4 Qa5 10. Qb3 Rd8 11. O-O Nf6 12. cxd5 cxd5 13. e5
Nd7 14. Qg3 Rc8 15. Nb3 Qa6 16. Bg5 h6 17. Be3 g6 18. Rfc1 Rc4 19. h3 h5
20. Qf3 Bg7 21. Rxc4 Nxe5 22. Qf4 dxc4 23. Nc5 Qc6 24. Ne4 f5 25. Nd2 Qd5
26. Bxa7 Bh6 27. Qd4 Bxd2 28. Rd1 Bf4 29. Re1 Qxd4 30. Bxd4 Nd3 31. Rxe6+
Kd7 32. Rxg6 Re8 33. g4 hxg4 34. hxg4 Be5 35. Bxe5 Nxe5 36. Rb6 fxg4 37.
Kg2 Kc7 38. Rb5 Kc6 39. Rb4 Kc5 40. Rb7 Rf8 41. a4 Nd3 42. Kg3 Rxf2 43. b4+
Kd4 44. Rd7+ Kc3 45. b5 Rb2 46. Rc7 Rb4 47. Kxg4 Rxa4 48. b6 Rb4 49. b7 Nc5
50. Rxc5 Rxb7 51. Kf4 Kb4 52. Rf5 c3 53. Rf8 c2 0-1

[Event "22nd Open"]
[Site "Cappelle la Grande FRA"]
[Date "2006.02.21"]
[Round "5"]
[White "Gozzoli,Y"]
[Black "Bernard,C"]
[Result "1/2-1/2"]
[WhiteElo "2464"]
[BlackElo "2324"]
[EventDate "2006.02.18"]

1. Nf3 Nf6 2. c4 g6 3. Nc3 c5 4. d4 cxd4 5. Nxd4 Bg7 6. e4 d6 7. Be2 Nc6 8.
Nc2 O-O 9. O-O b6 10. Be3 Bb7 11. Qd2 Rc8 12. f3 Kh8 13. Rad1 Ne8 14. g4 f5
15. exf5 gxf5 16. g5 e5 17. f4 exf4 18. Bxf4 Ne5 19. Nd4 Qd7 20. b3 Nc7 21.
Nf3 Bxf3 22. Bxf3 Ne6 23. Ne2 Nxf4 24. Nxf4 Nxf3+ 25. Rxf3 Be5 26. Kh1 Rg8
27. h4 b5 28. cxb5 Qxb5 29. Nd5 Qe8 30. Qd3 Qh5 31. Rh3 Rc5 32. Rf1 Qf7 33.
Ne3 Qb7+ 34. Rhf3 Qe4 35. Nxf5 Qxd3 36. Rxd3 Rc2 37. Nh6 Re8 38. Rdf3 Kg7
39. R3f2 Rxf2 40. Rxf2 Kg6 41. Kg2 Kh5 42. Kh3 Rc8 43. Rf3 Rc1 44. Nf7 Rh1+
45. Kg2 Rh2+ 46. Kf1 Rxa2 47. Nxe5 dxe5 48. Re3 Kxh4 49. Rxe5 1/2-1/2

[Event "22nd Open"]
[Site "Cappelle la Grande FRA"]
[Date "2006.02.21"]
[Round "5"]
[White "Kryvoruchko,Y"]
[Black "Aloma Vidal,R"]
[Result "1-0"]
[WhiteElo "2513"]
[BlackElo "2264"]
[EventDate "2006.02.18"]

1. e4 c5 2. Nf3 e6 3. d4 cxd4 4. Nxd4 a6 5. c4 Nf6 6. Nc3 Qc7 7. a3 b6 8.
Be3 Bb7 9. f3 d6 10. Rc1 Nbd7 11. Be2 Be7 12. O-O O-O 13. b4 Rac8 14. Qd2
Qb8 15. Nb3 Bd8 16. Kh1 Bc7 17. a4 Ne5 18. Rfd1 Ng6 19. a5 bxa5 20. Nxa5
Rfe8 21. Rb1 d5 22. cxd5 exd5 23. Nxd5 Nxd5 24. exd5 Rcd8 25. Qc3 Rxd5 26.
Rxd5 Bxd5 27. Rd1 Ba8 28. h3 Bb6 29. Bxb6 Qxb6 30. Qd4 Qe6 31. Qc4 Qc8 32.
Qc5 Qb8 33. Qd6 Ne5 34. Qxb8 Rxb8 35. Bxa6 Nxf3 36. b5 Ne5 37. b6 Be4 38.
b7 Kf8 39. Rc1 Ke7 40. Rc8 Nd7 41. Kh2 Kd6 42. Kg3 Bd5 43. Kf2 f5 44. Bb5
Bxb7 45. Rxb8 Nxb8 46. Nxb7+ Kc7 47. Nc5 Kb6 48. Nd7+ 1-0

[Event "22nd Open"]
[Site "Cappelle la Grande FRA"]
[Date "2006.02.21"]
[Round "5"]
[White "Gardon,E"]
[Black "Hebden,M"]
[Result "0-1"]
[WhiteElo "2158"]
[BlackElo "2514"]
[EventDate "2006.02.18"]

1. e4 e5 2. Nf3 Nc6 3. Bc4 Nf6 4. d3 Be7 5. c3 O-O 6. O-O d6 7. h3 Na5 8.
Bb5 a6 9. Ba4 b5 10. Bc2 c5 11. Nbd2 Re8 12. Re1 Bf8 13. Nf1 g6 14. Ng3 Bg7
15. Nh2 d5 16. exd5 Qxd5 17. Nf3 Bb7 18. Qe2 c4 19. Bg5 Qc6 20. Bxf6 Qxf6
21. dxc4 Bxf3 22. Qxf3 Qxf3 23. gxf3 Nxc4 24. b3 Na3 25. Be4 Rac8 26. Ne2
f5 27. Bd5+ Kf8 28. Rac1 Rc7 29. Kg2 Rd8 30. Rcd1 Rcd7 31. c4 bxc4 32. bxc4
Nxc4 33. Bxc4 Rxd1 34. Rxd1 Rxd1 35. Bxa6 Bh6 36. a4 Bd2 37. Kg3 Ra1 38.
Bb5 Ke7 39. Kg2 Kf6 40. Ng3 Kg5 41. Ne2 Kh4 42. Ng3 Ra2 43. Ne2 Be1 44. Kf1
Ba5 45. Kg2 Bb6 46. Kh2 Bxf2 47. Kg2 Bb6 0-1

[Event "22nd Open"]
[Site "Cappelle la Grande FRA"]
[Date "2006.02.21"]
[Round "5"]
[White "Ovetchkin,R"]
[Black "Skatchkov,P"]
[Result "1/2-1/2"]
[WhiteElo "2539"]
[BlackElo "2454"]
[EventDate "2006.02.18"]

1. e4 e5 2. Nf3 Nf6 3. Nxe5 d6 4. Nf3 Nxe4 5. Bd3 Nc5 6. Be2 Bg4 7. d4 Ne6
8. c4 Be7 9. Nc3 O-O 10. Be3 Nd7 11. h3 Bxf3 12. Bxf3 Bg5 13. O-O Bxe3 14.
fxe3 Rb8 15. b4 Ng5 16. b5 Nf6 17. Qd3 Re8 18. Bd5 Nxd5 19. cxd5 Qe7 20. e4
h6 21. Rf4 Qd7 22. Raf1 Re7 23. h4 Nh7 24. Qg3 Kh8 25. Rg4 Nf6 26. Rxf6
gxf6 27. Qf3 Kh7 28. Rf4 Rg8 29. a4 Rg6 30. Nd1 Re8 31. h5 Rg5 32. Ne3 f5
33. Nxf5 Reg8 34. g4 a6 35. Kh2 axb5 36. axb5 Qxb5 37. Kh3 Qb2 38. e5 dxe5
39. Re4 exd4 40. Nxd4 R8g7 41. Nf5 Rg8 42. Nd4 R8g7 43. Nf5 Rg8 1/2-1/2

[Event "22nd Open"]
[Site "Cappelle la Grande FRA"]
[Date "2006.02.21"]
[Round "5"]
[White "Shirazi,K"]
[Black "Yemelin,V"]
[Result "0-1"]
[WhiteElo "2389"]
[BlackElo "2523"]
[EventDate "2006.02.18"]

1. e4 e5 2. Nc3 Nf6 3. Nf3 Nc6 4. Bb5 Bb4 5. O-O O-O 6. d3 d6 7. Bxc6 bxc6
8. Ne2 Re8 9. c4 a5 10. h3 d5 11. Qc2 Bf8 12. Bg5 h6 13. Bxf6 Qxf6 14. cxd5
cxd5 15. Nc3 dxe4 16. Nd5 Qg6 17. dxe4 Bxh3 18. Nh4 Qg5 19. Qd3 Qxh4 20.
Qxh3 Qxh3 21. gxh3 Rab8 22. Nxc7 Rec8 23. Rfc1 Rxb2 24. a4 Kh7 25. Rc6 Rb4
26. f3 Be7 27. Rac1 Rxa4 28. Nd5 Rxc6 29. Rxc6 Bh4 30. Rc7 Ra1+ 31. Kg2
Ra2+ 32. Kh1 Ra1+ 33. Kg2 Ra2+ 34. Kh1 Kg6 35. Rc6+ Kh5 36. Rc7 Bg3 37.
Rxf7 Kh4 38. Ne3 Kxh3 39. Nf1 Ra1 40. Kg1 Bf4 41. Kf2 Ra2+ 42. Ke1 Kg2 0-1

[Event "22nd Open"]
[Site "Cappelle la Grande FRA"]
[Date "2006.02.21"]
[Round "5"]
[White "Lukov,V"]
[Black "Muhren,B"]
[Result "0-1"]
[WhiteElo "2430"]
[BlackElo "2241"]
[EventDate "2006.02.18"]

1. d4 d5 2. Nf3 Nf6 3. c4 dxc4 4. e3 e6 5. Bxc4 c5 6. O-O a6 7. a4 Nc6 8.
Nc3 Be7 9. b3 cxd4 10. Nxd4 Nxd4 11. exd4 O-O 12. Bb2 Bb4 13. Rc1 b6 14.
Qf3 Ra7 15. Rfd1 Rd7 16. Na2 Be7 17. Qe2 Nd5 18. Nc3 Bg5 19. Rb1 Nf4 20.
Qf1 Bb7 21. g3 Bg2 22. Qe1 Bf3 23. Bf1 Bxd1 24. gxf4 Bc2 25. Rc1 Bxb3 26.
fxg5 Qxg5+ 27. Bg2 Rc8 28. Ra1 h6 29. Ra3 Bc2 30. Ne2 Bg6 31. Rg3 Qf5 32.
Bc3 Rdc7 33. h4 Qc2 34. d5 exd5 35. h5 Bxh5 36. Nd4 Qd1 37. Qxd1 Bxd1 38.
Bd2 Kh7 39. Bxd5 Rd8 40. Be4+ g6 41. Be3 Rc4 42. Nc6 Rd6 0-1

[Event "22nd Open"]
[Site "Cappelle la Grande FRA"]
[Date "2006.02.21"]
[Round "5"]
[White "Gdanski,J"]
[Black "Willemze,T"]
[Result "1/2-1/2"]
[WhiteElo "2540"]
[BlackElo "2392"]
[EventDate "2006.02.18"]

1. d4 Nf6 2. Nf3 e6 3. c4 c5 4. d5 b5 5. Bg5 exd5 6. cxd5 d6 7. e4 a6 8. a4
Be7 9. Bxf6 Bxf6 10. axb5 Bxb2 11. Ra2 Bf6 12. Nbd2 O-O 13. Bd3 Bb7 14. O-O
axb5 15. Rxa8 Bxa8 16. Bxb5 Nd7 17. Qb3 Ne5 18. Nxe5 Bxe5 19. Nc4 Bd4 20.
Qg3 f5 21. exf5 Rxf5 22. Qxd6 Rxd5 23. Qe6+ Kh8 24. Bc6 Bxc6 25. Qxc6 Rf5
26. Ne3 Rf8 27. g3 h6 28. Qe4 Qf6 29. Kg2 Bxe3 30. Qxe3 Qc6+ 31. f3 Re8 32.
Qc3 c4 33. Rf2 Qc5 34. Rc2 Rd8 35. Qe1 Rd4 36. Qe3 Qd5 37. Kf2 Kh7 38. Re2
Qc5 39. Rc2 Qb6 40. Kg2 Qb3 41. Rc3 Qa2+ 42. Kh3 Qa7 1/2-1/2

[Event "22nd Open"]
[Site "Cappelle la Grande FRA"]
[Date "2006.02.21"]
[Round "5"]
[White "Schoen,Wo"]
[Black "Delchev,A"]
[Result "1/2-1/2"]
[WhiteElo "2415"]
[BlackElo "2661"]
[EventDate "2006.02.18"]

1. e4 c5 2. Nf3 e6 3. d3 Nc6 4. g3 Nge7 5. h4 h6 6. h5 d5 7. Nbd2 e5 8. c3
Be6 9. Qe2 d4 10. c4 Bg4 11. Bh3 Bxh5 12. g4 Bg6 13. g5 Bh5 14. Nf1 hxg5
15. Bxg5 Bg4 16. Bxg4 Rxh1 17. N3h2 Qa5+ 18. Bd2 Nb4 19. Qf3 Rg1 20. Ke2
Qa4 21. b3 Qa3 22. Bc1 Qa6 23. a3 Nbc6 24. Qh3 Na5 25. Rb1 Qd6 26. b4 cxb4
27. axb4 Nac6 28. c5 Qc7 29. Nf3 Rxg4 30. Qxg4 a5 31. b5 Nb4 32. N1d2 Ng6
33. Nc4 Bxc5 34. Bd2 b6 35. Rh1 Na2 36. Rh5 Nc3+ 37. Kf1 Qd7 38. Qg5 Qe7
39. Qg4 Qd7 40. Qg5 Qe7 41. Qg4 Qd7 1/2-1/2

[Event "22nd Open"]
[Site "Cappelle la Grande FRA"]
[Date "2006.02.21"]
[Round "5"]
[White "Bagheri,A"]
[Black "Zimmerman,Y"]
[Result "1-0"]
[WhiteElo "2521"]
[BlackElo "2379"]
[EventDate "2006.02.18"]

1. d4 d6 2. c4 g6 3. Nc3 Bg7 4. e4 Nf6 5. Bg5 O-O 6. Qd2 Na6 7. Bd3 e5 8.
d5 c6 9. Nge2 cxd5 10. Nxd5 Nc7 11. Nec3 Ncxd5 12. Nxd5 Be6 13. O-O Bxd5
14. cxd5 Qd7 15. Rfc1 Rfc8 16. f3 Ne8 17. Be3 a6 18. b4 Bf6 19. a4 Rxc1+
20. Qxc1 Rc8 21. Qd2 Nc7 22. Bf1 Bd8 23. g3 Na8 24. a5 Nc7 25. Rc1 Nb5 26.
Rxc8 Qxc8 27. Qc1 Qxc1 28. Bxc1 Nd4 29. Kf2 b6 30. b5 bxa5 31. bxa6 Bb6 32.
Kg2 f6 33. Ba3 Nc2 34. Bxd6 Ne3+ 35. Kh3 Kf7 36. Bc7 Ba7 37. d6 Ke6 38. Bb5
1-0

[Event "22nd Open"]
[Site "Cappelle la Grande FRA"]
[Date "2006.02.21"]
[Round "5"]
[White "Epishin,V"]
[Black "Livshits,G"]
[Result "1-0"]
[WhiteElo "2553"]
[BlackElo "2393"]
[EventDate "2006.02.18"]

1. d4 Nf6 2. c4 g6 3. Nc3 d5 4. Nf3 Bg7 5. Qb3 dxc4 6. Qxc4 O-O 7. e4 a6 8.
Qb3 c5 9. dxc5 Nbd7 10. c6 bxc6 11. Qc2 Qc7 12. Be2 Ne5 13. Nxe5 Qxe5 14.
Be3 Ng4 15. Bxg4 Bxg4 16. O-O Rab8 17. Rac1 Qa5 18. Na4 h5 19. b3 Rfd8 20.
h3 Bd7 21. Rfd1 Be8 22. Rxd8 Qxd8 23. Rd1 Qa5 24. Nc5 Ra8 25. a4 Qc3 26.
Qe2 a5 27. Rc1 Qf6 28. Qd2 Qb2 29. Qd3 Rb8 30. Rd1 Qc3 31. Qa6 Be5 32. Rc1
Qb2 33. Nd3 Qe2 34. Re1 1-0

[Event "22nd Open"]
[Site "Cappelle la Grande FRA"]
[Date "2006.02.21"]
[Round "5"]
[White "Vovk,Y"]
[Black "Timoshenko,G"]
[Result "1-0"]
[WhiteElo "2414"]
[BlackElo "2560"]
[EventDate "2006.02.18"]

1. e4 c5 2. Nf3 Nc6 3. d4 cxd4 4. Nxd4 Nf6 5. Nc3 e6 6. Ndb5 d6 7. Bf4 e5
8. Bg5 a6 9. Na3 b5 10. Bxf6 gxf6 11. Nd5 f5 12. Bd3 Be6 13. Qh5 Rg8 14. g3
Rg5 15. Qd1 Bxd5 16. exd5 Ne7 17. c3 Qb6 18. Nc2 e4 19. Be2 f4 20. Qd2 e3
21. fxe3 Rxd5 22. Nd4 fxe3 23. Qxe3 Bg7 24. Rd1 b4 25. O-O bxc3 26. bxc3
Rc8 27. Kh1 Qa5 28. Qf4 f5 29. Nb3 Qxc3 30. Bh5+ Kf8 31. Rxd5 Nxd5 32.
Qxd6+ Ne7 33. Rxf5+ 1-0

[Event "22nd Open"]
[Site "Cappelle la Grande FRA"]
[Date "2006.02.21"]
[Round "5"]
[White "Azarova,N"]
[Black "Burmakin,V"]
[Result "0-1"]
[WhiteElo "2251"]
[BlackElo "2519"]
[EventDate "2006.02.18"]

1. e4 c6 2. Nc3 d6 3. d4 Nd7 4. f4 g6 5. Nf3 Bg7 6. Be3 b5 7. a3 Bb7 8. Qd2
Nb6 9. b3 Nf6 10. e5 Nfd5 11. Nxd5 Nxd5 12. Be2 O-O 13. O-O Nxe3 14. Qxe3
Qc7 15. c4 bxc4 16. Bxc4 c5 17. d5 Rad8 18. Rad1 Bc8 19. h3 Bh6 20. Rfe1
Qa5 21. Kh2 Ba6 22. g3 Bxc4 23. bxc4 Rb8 24. Rb1 Bg7 25. Red1 Qc7 26. Rxb8
Rxb8 27. Rd2 Qb6 28. Re2 Qb1 29. Ng5 h6 30. exd6 exd6 31. Nxf7 Bd4 32.
Nxh6+ 0-1

[Event "22nd Open"]
[Site "Cappelle la Grande FRA"]
[Date "2006.02.21"]
[Round "5"]
[White "Petkov,V"]
[Black "Makropoulou,M"]
[Result "0-1"]
[WhiteElo "2512"]
[BlackElo "2284"]
[EventDate "2006.02.18"]

1. d4 d5 2. c4 c6 3. Nf3 Nf6 4. Nc3 a6 5. Ne5 Nbd7 6. cxd5 Nxe5 7. dxe5
Nxd5 8. Qb3 e6 9. Bd2 Be7 10. Rd1 Qc7 11. f4 O-O 12. e4 Nxc3 13. Qxc3 c5
14. Be3 b5 15. b3 Bb7 16. Bd3 Rac8 17. O-O Qc6 18. Qe1 c4 19. bxc4 bxc4 20.
Bc2 Rfd8 21. Rb1 Bc5 22. Rf2 Rd7 23. f5 Bxe3 24. Qxe3 Qc5 25. Qf4 Rcd8 26.
Rbf1 exf5 27. exf5 Rd2 28. f6 Rxc2 29. Qg5 g6 30. Qh6 Qxf2+ 31. Rxf2 Rd1+
0-1

[Event "22nd Open"]
[Site "Cappelle la Grande FRA"]
[Date "2006.02.21"]
[Round "5"]
[White "Tirard,H"]
[Black "Li Shilong"]
[Result "1/2-1/2"]
[WhiteElo "2447"]
[BlackElo "2543"]
[EventDate "2006.02.18"]

1. e4 e6 2. d4 d5 3. Nc3 Nf6 4. e5 Nfd7 5. f4 c5 6. Nf3 a6 7. Be3 b5 8. Qd2
Bb7 9. dxc5 Nxc5 10. Qf2 Nbd7 11. Bd3 Be7 12. O-O Qc7 13. a3 g6 14. Bd4 O-O
15. Rfe1 f5 16. exf6 Bxf6 17. Qe3 Bxd4 18. Nxd4 Rae8 19. Rf1 e5 20. fxe5
Rxe5 21. Rxf8+ Nxf8 22. Qg3 Ne4 23. Bxe4 dxe4 24. Rf1 Qg7 25. Nd1 h5 26.
Ne3 Nd7 27. c3 Nb6 28. Qh3 Qe7 29. Qg3 Qg7 30. Qh3 1/2-1/2

[Event "22nd Open"]
[Site "Cappelle la Grande FRA"]
[Date "2006.02.21"]
[Round "5"]
[White "Khmelniker,I"]
[Black "Cieza,A"]
[Result "1-0"]
[WhiteElo "2430"]
[BlackElo "2257"]
[EventDate "2006.02.18"]

1. d4 Nf6 2. c4 g6 3. Nc3 Bg7 4. e4 d6 5. f4 c5 6. d5 O-O 7. Nf3 a6 8. a4
e6 9. Be2 exd5 10. cxd5 Re8 11. Nd2 b6 12. O-O Bb7 13. Bf3 Ra7 14. Nc4 Ba8
15. Qb3 Nh5 16. Qxb6 Bd4+ 17. Kh1 Qh4 18. Bxh5 Rb7 19. Qa5 Qxh5 20. Nxd6
Rbe7 21. Nxe8 Rxe8 22. Qc7 Bxc3 23. bxc3 Qe2 24. Ba3 Qxe4 25. c4 Qxc4 26.
Rfe1 Qxa4 27. Bxc5 Rxe1+ 28. Rxe1 Nd7 29. Re8+ Kg7 30. Rxa8 1-0

[Event "22nd Open"]
[Site "Cappelle la Grande FRA"]
[Date "2006.02.21"]
[Round "5"]
[White "Gharamian,T"]
[Black "Usachyi,V"]
[Result "1-0"]
[WhiteElo "2425"]
[BlackElo "2216"]
[EventDate "2006.02.18"]

1. e4 e5 2. Nf3 Nc6 3. Bb5 a6 4. Ba4 Nf6 5. O-O Nxe4 6. d4 b5 7. Bb3 d5 8.
dxe5 Be6 9. Nbd2 Be7 10. c3 O-O 11. Bc2 f5 12. Nb3 Qd7 13. Nfd4 Nxd4 14.
Nxd4 c5 15. Nxe6 Qxe6 16. f3 Ng5 17. a4 Rad8 18. axb5 axb5 19. Qe2 Qb6 20.
Bxg5 Bxg5 21. f4 Be7 22. Kh1 d4 23. c4 bxc4 24. Qxc4+ Kh8 25. b3 d3 26.
Bxd3 Rd4 27. Qc2 Qh6 28. Ra7 Re8 29. Rxe7 Rxe7 30. Qxc5 1-0